Movies Quiz

Random Movies or Clickable Quiz
Score 0/25 Timer 08:00
0 Plays Today
% Correct
you in the kitchen.
97.8%
Either y'all got Kool-Aid, no sugar. Peanut butter, no jelly. Ham, no burger.
97.1%
I got fired yesterday.
96.2%
is like playing with my emotions, Smokey.
96.1%
Now you can smell mine for five minutes.
95.7%
I mean Big Worm.
95.4%
Man, it's the blacker the berry, the sweeter the juice.
95%
J-O-B.
94.9%
But after this Friday, the neighborhood'll never be the same.
94.9%
like you the damn po-lice.
94.7%
look like some spiders is having a meetin' on his head.
94.2%
What do you know about game? I got ALL the game.
94.2%
Make it enough.
94%
% Correct
take a picture, I don't give a f***.
93.3%
But you live, you live to fight another day.
93%
to get fired on your day off.
92.5%
cause I steal, I don't kill.
92.5%
I need to dub a tape.
92.3%
You ain't got to lie.
91.3%
What you trying to build, a clubhouse?
89.2%
I don't know. That's my only problem.
86.7%
Hehe. Macaroni.
85%
You know I wouldn't trip.
78.6%
Man, I'm high.
77.3%
You didn't put in on this man.
69.6%

You're not logged in!

Compare scores with friends on all Sporcle quizzes.
OR
Log In

Sporcle TV

Today on Sporcle TV


Watch our educational content, quiz creation guides, and fun videos on Sporcle TV.

Show Comments

Extras

Top Quizzes Today


Score Distribution

Paid Content

Your Account Isn't Verified!

In order to create a playlist on Sporcle, you need to verify the email address you used during registration. Go to your Sporcle Settings to finish the process.

Report this User

Report this user for behavior that violates our Community Guidelines.

Details: